000 00603nam a2200193Ia 4500
005 20250508155830.0
008 008 250505s9999 xx 000 0 eng d
037 _aDissertations
040 _aFEDL
_beng
_cFEDL
041 _aeng
_2eng
084 _a372.21, GUP/DI
_qFEDL
100 _aGupta Chander Prabha
_9767592
245 0 _aInvestigation into the adjustment problems of the pre-school children (Between the ages of 3&5)
260 _c1953
300 _a66p.
546 _aM.Ed. Dissertation (Delhi Universtiy)
942 _cDIS
_h372.21, GUP/DI
999 _c1359505
_d1359505